| 000 | 00813nam a2200121Ia 4500 | ||
|---|---|---|---|
| 008 | 220615s9999||||xx |||||||||||||| ||und|| | ||
| 100 | _aKellermann, Kenneth I.||Bouton, Ellen N.||Brandt, Sierra S. | ||
| 245 | 0 |
_aOpen Skies _bThe National Radio Astronomy Observatory and Its Impact on US Radio Astronomy |
|
| 546 | _aEnglish[eng] | ||
| 650 | _aAstronomy, Observations and Techniques||History and Philosophical Foundations of Physics||History of Science||Philosophical Foundations of Physics and Astronomy||Radio Astronomy in the USA||NRAO||Radio astronomers||SETI||Search for extraterrestrial intelligence||Radio astronomy politics and culture||Radio telescope construction||open access||Astronomy, space & time | ||
| 856 | _uhttps://library.oapen.org/bitstream/20.500.12657/47264/1/9783030323455.pdf | ||
| 942 | _cEB | ||
| 999 |
_c11952 _d11952 |
||